<?xml version="1.0" encoding="UTF-8"?>
<record
    xmlns:xsi="http://www.w3.org/2001/XMLSchema-instance"
    xsi:schemaLocation="http://www.loc.gov/MARC21/slim http://www.loc.gov/standards/marcxml/schema/MARC21slim.xsd"
    xmlns="http://www.loc.gov/MARC21/slim">

  <leader>01296nam0a22002771  4500</leader>
  <controlfield tag="001">v19\rc\1242423</controlfield>
  <controlfield tag="005">20260407045822.0</controlfield>
  <datafield tag="035" ind1=" " ind2=" ">
    <subfield code="a">(NLR Aleph) 004400227</subfield>
  </datafield>
  <datafield tag="090" ind1=" " ind2=" ">
    <subfield code="a">3868667</subfield>
    <subfield code="c">3868667</subfield>
  </datafield>
  <datafield tag="100" ind1=" " ind2=" ">
    <subfield code="a">20060306d1886    u  y0rusy50      ca</subfield>
  </datafield>
  <datafield tag="101" ind1="0" ind2=" ">
    <subfield code="a">rus</subfield>
  </datafield>
  <datafield tag="102" ind1=" " ind2=" ">
    <subfield code="a">RU</subfield>
  </datafield>
  <datafield tag="105" ind1=" " ind2=" ">
    <subfield code="a">a   z   |||||</subfield>
  </datafield>
  <datafield tag="200" ind1="1" ind2=" ">
    <subfield code="a">&#x420;&#x430;&#x441;&#x43F;&#x440;&#x435;&#x434;&#x435;&#x43B;&#x435;&#x43D;&#x438;&#x435; &#x43E;&#x431;&#x44F;&#x437;&#x430;&#x442;&#x435;&#x43B;&#x44C;&#x43D;&#x44B;&#x445; &#x443;&#x440;&#x43E;&#x43A;&#x43E;&#x432; &#x432; &#x433;&#x438;&#x43C;&#x43D;&#x430;&#x437;&#x438;&#x44F;&#x445; (&#x437;&#x430; &#x438;&#x441;&#x43A;&#x43B;&#x44E;&#x447;&#x435;&#x43D;&#x438;&#x435;&#x43C; &#x443;&#x440;&#x43E;&#x43A;&#x43E;&#x432; &#x43F;&#x435;&#x43D;&#x438;&#x44F; &#x438; &#x433;&#x438;&#x43C;&#x43D;&#x430;&#x441;&#x442;&#x438;&#x43A;&#x438;)</subfield>
  </datafield>
  <datafield tag="210" ind1=" " ind2=" ">
    <subfield code="a">&#x414;&#x435;&#x440;&#x43F;&#x442;</subfield>
    <subfield code="d">1886</subfield>
  </datafield>
  <datafield tag="215" ind1=" " ind2=" ">
    <subfield code="a">[3] &#x43B;. &#x442;&#x430;&#x431;&#x43B;.</subfield>
  </datafield>
  <datafield tag="309" ind1=" " ind2=" ">
    <subfield code="a">&#x411;&#x435;&#x437; &#x442;&#x438;&#x442;. &#x43B;. &#x438; &#x43E;&#x431;&#x43B;.</subfield>
  </datafield>
  <datafield tag="311" ind1=" " ind2=" ">
    <subfield code="a">&#x41F;&#x440;&#x438;&#x43B;. &#x43A; &#x2116; 6 &#x426;&#x438;&#x440;&#x43A;&#x443;&#x43B;&#x44F;&#x440;&#x43E;&#x432; &#x43F;&#x43E; &#x414;&#x435;&#x440;&#x43F;&#x442;&#x441;&#x43A;&#x43E;&#x43C;&#x443; &#x443;&#x447;&#x435;&#x431;&#x43D;&#x43E;&#x43C;&#x443; &#x43E;&#x43A;&#x440;&#x443;&#x433;&#x443; &#x437;&#x430; 1886 &#x433;.</subfield>
  </datafield>
  <datafield tag="422" ind1=" " ind2="0">
    <subfield code="1">2001#$a&#x426;&#x438;&#x440;&#x43A;&#x443;&#x43B;&#x44F;&#x440;&#x44B; &#x43F;&#x43E; &#x414;&#x435;&#x440;&#x43F;&#x442;&#x441;&#x43A;&#x43E;&#x43C;&#x443; &#x443;&#x447;&#x435;&#x431;&#x43D;&#x43E;&#x43C;&#x443; &#x43E;&#x43A;&#x440;&#x443;&#x433;&#x443;$v1886, &#x2116; 6</subfield>
    <subfield code="t">&#x426;&#x438;&#x440;&#x43A;&#x443;&#x43B;&#x44F;&#x440;&#x44B; &#x43F;&#x43E; &#x414;&#x435;&#x440;&#x43F;&#x442;&#x441;&#x43A;&#x43E;&#x43C;&#x443; &#x443;&#x447;&#x435;&#x431;&#x43D;&#x43E;&#x43C;&#x443; &#x43E;&#x43A;&#x440;&#x443;&#x433;&#x443;</subfield>
  </datafield>
  <datafield tag="532" ind1="1" ind2="3">
    <subfield code="a">&#x420;&#x430;&#x441;&#x43F;&#x440;&#x435;&#x434;&#x435;&#x43B;&#x435;&#x43D;&#x438;&#x435; &#x43E;&#x431;&#x44F;&#x437;&#x430;&#x442;&#x435;&#x43B;&#x44C;&#x43D;&#x44B;&#x445; &#x443;&#x440;&#x43E;&#x43A;&#x43E;&#x432; &#x432; &#x433;&#x438;&#x43C;&#x43D;&#x430;&#x437;&#x438;&#x44F;&#x445; &#x437;&#x430; &#x438;&#x441;&#x43A;&#x43B;&#x44E;&#x447;&#x435;&#x43D;&#x438;&#x435;&#x43C; &#x443;&#x440;&#x43E;&#x43A;&#x43E;&#x432; &#x43F;&#x435;&#x43D;&#x438;&#x44F; &#x438; &#x433;&#x438;&#x43C;&#x43D;&#x430;&#x441;&#x442;&#x438;&#x43A;&#x438;</subfield>
  </datafield>
  <datafield tag="710" ind1="0" ind2="2">
    <subfield code="a">&#x420;&#x438;&#x436;&#x441;&#x43A;&#x438;&#x439; &#x443;&#x447;&#x435;&#x431;&#x43D;&#x44B;&#x439; &#x43E;&#x43A;&#x440;&#x443;&#x433;</subfield>
    <subfield code="3">RU\NLR\AUTH\8810018724</subfield>
    <subfield code="9">535323</subfield>
  </datafield>
  <datafield tag="801" ind1=" " ind2="0">
    <subfield code="a">RU</subfield>
    <subfield code="b">NLR</subfield>
    <subfield code="g">psbo</subfield>
  </datafield>
  <datafield tag="801" ind1=" " ind2="1">
    <subfield code="a">RU</subfield>
    <subfield code="b">ProSoft-M</subfield>
    <subfield code="2">rusmarc</subfield>
  </datafield>
  <datafield tag="852" ind1=" " ind2=" ">
    <subfield code="a">NLR</subfield>
    <subfield code="j">18.208.3.173</subfield>
  </datafield>
  <datafield tag="942" ind1=" " ind2=" ">
    <subfield code="c">BOOK</subfield>
  </datafield>
  <datafield tag="980" ind1=" " ind2=" ">
    <subfield code="a">NB</subfield>
  </datafield>
  <datafield tag="995" ind1=" " ind2=" ">
    <subfield code="5">2013-10-26</subfield>
    <subfield code="b">NLR02</subfield>
    <subfield code="c">NLR02</subfield>
    <subfield code="e">RFS</subfield>
    <subfield code="f">4400227-10</subfield>
    <subfield code="k">18.208.3.173</subfield>
    <subfield code="o">0</subfield>
    <subfield code="r">BOOK</subfield>
    <subfield code="s">182083173_</subfield>
  </datafield>
</record>
